Horror Video Games by Description - Statistics

General Stats
  • This quiz has been taken 118 times
  • The average score is 10 of 20
Answer Stats
Description Year(s) Released Answer % Correct
Viral now multimedia franchise which originated with a series of games where various protagonists would survive 5 nights within an entertainment establishment which housed possessed animatronics. 2014 - Present Five Nights at Freddy's
91%
Famed series that goes from third to first person perspective throughout its titles. The 4th game in the series is possibly the most beloved horror game of all time. Has had multiple movies and books created from it. 1996 - Present Resident Evil
83%
Series with multiple protagonists who traverse a supernatural town which often delves into mysteries surrounding the lives of each character. Famously has the antagonist of "Pyramid Head". 1999 - Present Silent Hill
83%
From the perspective of Miles Upshur, a journalist who investigates reports of extreme experiments and madness within the Mount Massive mental asylum. The player relies heavily on a handheld camera's night vision to navigate the darkness within the huge complex. 2013 Outlast
72%
Multiplayer game where 4 survivors activate generators in order to open exits to escape a killer pursuing them. Techniques for survivors often involve dropping pallets, hiding and climbing over barriers to evade the killer. 2016 Dead By Daylight
69%
Open world survival game where you play as a plane crash survivor, aiming to find what became of your son, Timmy. Along the way finding unusual natives and mutated people in caves and across the game's peninsula. Started out as an early access game, and finished development in 2018 2014 - 2018 The Forest
67%
Follows the protagonist, Daniel, who explores Brennenburg Castle with the goal of killing Alexander, someone who supposedly betrayed him sometime in his past which he cannot remember. 2010 Amnesia: The Dark Descent
64%
Multiplayer co-op game where players forage for valuable items on various hostile planets in order to appease "The Company". Notably relies on proximity chat. 2023 Lethal Company
64%
Created as a teaser for a now cancelled video game by Konami, under the direction of Hideo Kojima and Guillermo Del Toro. Revolves around the player walking through a forever looping hallway. Has increasingly complex solutions to keep progressing. 2014 P.T
54%
Semi-randomly generated game which follows a test subject for a fictional organization, based on a website created in 2008. Said organization aims to secure, contain and protect the public from forces and beings which pose a threat to humanity. 2012 SCP: Containment Breach
54%
Starts with the crash landing of a spaceship onto an alien ocean planet. You play as the final survivor from the crash who learns to adapt and figure out the mysteries of the life and civilization which inhabit the planet. Started as an early access project with a strong emphasis on pacifism. 2013 - 2018 Subnautica
53%
Based on the 1982 film of the same name, takes the form of a third person shooter. Has multiple complex game mechanics such as a trust and infection system relevant to friendly NPCs throughout. Takes place in Antarctica at the same research base from the movie. 2002 The Thing
52%
Made by Rockstar, this game (and its sequel) drew controversy for its violence and tone. You play as an inmate who is forced to kill gang members in the creation of snuff films. 2003 Manhunt
37%
A man named Simon Jarett has his mind uploaded to a database, over a hundred years later he would awake in an underwater research facility, without being sure how much of humanity still remained on Earth. The game often deals with the concept of what constitutes humanity and what is truly living. 2015 SOMA
33%
Spiritual successor to "LIMBO". A 2D puzzle game which focuses on visual storytelling. Has a memorable ending and has been dissected for its meaning by many. 2016 INSIDE
29%
Takes place in a semi-realistic depiction of Stockholm, Sweden. You play as Simon Henriksson, a man who was hit by a car and paralyzed, only to wake up in a fever dream version of reality where malformed people try to kill him. Popularized by Let's Plays on Youtube. 2012 Cry of Fear
21%
Influential game made in RPG Maker which is known for its strong use of surreal imagery. Inspired by the likes of Earthbound, though often referred to as a walking simulator. 2004 Yume Nikki
17%
"Trilogy" of games which detail the journey and eventual end of Philip, a man who searches for answers about his father after uncovering a peculiar bunker within the remote expanses of Greenland. Has been credited as the progenitor for many modern survival horror games. 2007 - 2009 Penumbra
11%
Short indie game which was created supplementary to the Youtube horror series "Gemini Home Entertainment". Takes place within the camp of Moonlight Acres and reveals details about the story of the series. 2020 Lethal Omen
7%
Unfinished project by a lead developer of Frictional Games, follows an unidentified character who navigates a hellish and vacant town for traces of humanity. Is implied to be a purgatory created from the protagonist's memories. 2002 - 2004 Unbirth
5%
No matching quizzes found
Score Distribution
Percent of People with Each Score
Percentile by Number Answered
Your Score History
You have not taken this quiz